000 01168nam a22002894a 4500
001 ebr10103785
003 CaPaEBR
006 m u
007 cr cn|||||||||
008 041215s2005 enk sb 001 0 eng
010 _z 2004065751
020 _z1403949794 (cloth)
040 _aCaPaEBR
_cCaPaEBR
035 _a(OCoLC)559943208
050 1 4 _aJZ1320.3
_b.B87 2005eb
082 0 4 _a327.1/01
_222
100 1 _aBurchill, Scott,
_d1961-
245 1 4 _aThe national interest in international relations theory
_h[electronic resource] /
_cScott Burchill.
260 _aHoundmills, Basingstoke, Hampshire ;
_aNew York :
_bPalgrave Macmillan,
_c2005.
300 _aviii, 224 p.
504 _aIncludes bibliographical references (p. 214-221) and index.
533 _aElectronic reproduction.
_bPalo Alto, Calif. :
_cebrary,
_d2013.
_nAvailable via World Wide Web.
_nAccess may be limited to ebrary affiliated libraries.
650 0 _aNational interest.
655 7 _aElectronic books.
_2local
710 2 _aebrary, Inc.
856 4 0 _uhttp://site.ebrary.com/lib/rucke/Doc?id=10103785
_zAn electronic book accessible through the World Wide Web; click to view
999 _c102226
_d102226